[Event "Gausdal Jubilee"]
[Site "Gausdal"]
[Date "1982.??.??"]
[Round "6"]
[White "Schussler, Harry"]
[Black "Wedberg, Tom"]
[Result "1/2-1/2"]
[WhiteElo "2485"]
[BlackElo "2435"]

1.d4 Nf6 2.c4 e6 3.Nf3 b6 4.a3 c5 5.d5 exd5 6.cxd5 g6 7.Nc3 Bg7 8.Bg5 d6
9.e3 h6 10.Bh4 g5 11.Bg3 Nh5 12.Bb5+ Kf8 13.Qc2 a6 14.Bd3 Qe7 15.Ne4 Nxg3
16.Nxg3 Nd7 17.Bf5 Bb7 18.e4 Ne5 19.Nd2 b5 20.O-O h5 21.a4 b4 22.a5  1/2-1/2

[Event "Gausdal Jubilee"]
[Site "Gausdal"]
[Date "1982.??.??"]
[Round "7"]
[White "Agdestein, Simen"]
[Black "Ornstein, Axel"]
[Result "1/2-1/2"]
[WhiteElo "2280"]
[BlackElo "2475"]

1.d4 Nf6 2.c4 e6 3.Nf3 b6 4.a3 Ba6 5.Qc2 d5 6.cxd5 Nxd5 7.e4 Bxf1 8.Kxf1 Nf6
9.Nc3 Be7 10.Bf4 O-O 11.Rd1 Nbd7 12.g3 Qc8 13.Kg2 Qb7 14.Rhe1 Rfd8 15.Re2 Nf8
16.Red2 Ng6 17.Bg5 h6 18.Bxf6 Bxf6 19.d5 Bxc3 20.Qxc3 exd5 21.Rxd5 Rxd5 22.Rxd5 c5
23.Qd3 Re8 24.h4 Qe7 25.Rd7 Qxe4 26.Qxe4 Rxe4 27.Rxa7 Re2 28.Ra8+ Kh7 29.h5 Nh8
30.b4 cxb4 31.axb4 Rb2 32.Ne5 Rxb4 33.Nd7 g6 34.Nf6+ Kg7 35.Ne8+ Kh7 36.Nf6+  1/2-1/2

[Event "Bundesliga 8182"]
[Site "Germany"]
[Date "1982.??.??"]
[Round "?"]
[White "Lau, Ralf"]
[Black "Behrhorst, Frank"]
[Result "1-0"]
[WhiteElo "2415"]
[BlackElo "2255"]

1.d4 Nf6 2.Nf3 e6 3.c4 b6 4.a3 d5 5.Nc3 Be7 6.cxd5 Nxd5 7.e4 Nxc3 8.bxc3 O-O
9.Bd3 c5 10.Qe2 cxd4 11.cxd4 e5 12.dxe5 Bg4 13.Bb2 Nc6 14.Bc4 Bc5 15.Bd5 Rc8
16.O-O Qe7 17.h3 Bxf3 18.Qxf3 Nxe5 19.Qg3 Ng6 20.Rad1 Qh4 21.Qxh4 Nxh4 22.g3 Ng6
23.Rd2 Ne7 24.Ba2 Rfd8 25.Rfd1 Nc6 26.Rd7 Be7 27.Rxd8+ Rxd8 28.Bd5 Bc5 29.Kf1 Kf8
30.Ke2 Ne7 31.Bb3 Rxd1 32.Bxd1 Nc6 33.f4 b5 34.Kd3 Na5 35.Bc3 Nc4 36.a4 a6
37.Bb3 Nb6 38.axb5 axb5 39.g4 f6 40.e5 fxe5 41.Bxe5 g6 42.Ke4 Nd7 43.Bb2 Ke7
44.Bc2 Nf6+ 45.Kf3 Bd6 46.Bb3 h6 47.h4 h5 48.g5 Nd7 49.Bc2 Kf7 50.Bb3+ Ke7
51.Bc2 Kf7 52.Bd3 b4 53.Bc4+ Ke7 54.Ke4 Nc5+ 55.Kf3 Nd7 56.Bd5 Nc5 57.Bf6+ Kf8
58.Bc4 Nd7 59.Bd4 Ke7 60.Ba1 Bc7 61.Bg8 Bd6 62.Bb3 Nc5 63.Bf6+ Kf8 64.Bc4 Nd7
65.Bd4 Ke7 66.Bd3 Kf7 67.Bb2 Bc7 68.Bb1 Bd6 69.Ba2+ Ke7 70.Bc4 Bc7 71.Bc1 Bd6
72.Bd2 Kf8 73.Be1 Ke7 74.Bd3 Kf7 75.Bc2 Bc5 76.Ke4 Bd6 77.Bd2 Ke7 78.Kd5 Nf8
79.Kc4 Ne6 80.Bxg6 Nxf4 81.Be4 Kf7 82.Be1 Ng6 83.Kd5 Be7 84.Bc2 Nf4+ 85.Ke4 Ne2
86.Bf2 Bd6 87.Kf3 Nf4 88.Bd1 Nd3 89.Bd4 Ne5+ 90.Ke4 Ng4 91.Kf5 Be7  1-0

[Event "Halle-Buna"]
[Site "Halle"]
[Date "1982.??.??"]
[Round "4"]
[White "Boensch, Uwe"]
[Black "Szekely, Peter"]
[Result "1/2-1/2"]
[WhiteElo "2450"]
[BlackElo "2430"]

1.d4 Nf6 2.c4 e6 3.Nf3 b6 4.a3 c5 5.Nc3 cxd4 6.Qxd4 Be7 7.e4 d6 8.Be2 O-O
9.O-O Nc6 10.Qd3 a6 11.Be3 Ng4 12.Bf4 Nge5 13.Qe3 Qc7 14.Rac1 Nxf3+ 15.Qxf3 Nd4
16.Qg3 Nxe2+ 17.Nxe2 Qc6 18.f3 Rd8 19.Be3 Bf6 20.b4 Bd7 21.Rfd1 Be8 22.h4 Be5
23.Qg4 Bd7 24.Ng3 Kh8 25.Bf4 f5  1/2-1/2

[Event "Hong Kong zt qual"]
[Site "Hong Kong"]
[Date "1982.??.??"]
[Round "?"]
[White "De Guzman, Ricardo"]
[Black "Mahmud, Syarif"]
[Result "1/2-1/2"]
[WhiteElo "2295"]
[BlackElo "2260"]

1.d4 Nf6 2.c4 e6 3.Nf3 b6 4.a3 Bb7 5.Nc3 d5 6.Bg5 Be7 7.Bxf6 Bxf6 8.cxd5 exd5
9.e3 O-O 10.Bd3 c5 11.O-O Nd7 12.Rc1 g6 13.dxc5 bxc5 14.Na4 c4 15.Be2 Bc6
16.Nc3 Nc5 17.Qc2 Qb6 18.Rfd1 Rad8 19.Rb1 Rfe8 20.Nd2 Nb3 21.Bf3 Nxd2 22.Rxd2 d4
23.exd4 Bxf3 24.gxf3 Bxd4 25.Ne4 Be5 26.Rbd1 Rxd2 27.Rxd2 Qe6 28.Re2 Kg7
29.Ng3 Qf6 30.Qxc4 Rd8 31.Qg4 Bxg3 32.hxg3 Rd4 33.Re4 Rxe4 34.Qxe4 Qxb2 35.a4 a5
36.Kg2 Qb4  1/2-1/2

[Event "URS-ch sf"]
[Site "Ivano Frankovsk"]
[Date "1982.??.??"]
[Round "?"]
[White "Petrosian, Arshak B"]
[Black "Makarichev, Sergey"]
[Result "1-0"]
[WhiteElo "2485"]
[BlackElo "2505"]

1.d4 Nf6 2.c4 e6 3.Nf3 b6 4.a3 Bb7 5.Nc3 d5 6.cxd5 Nxd5 7.e3 Be7 8.Bd2 O-O
9.Bd3 Nd7 10.e4 Nxc3 11.Bxc3 c5 12.Qe2 cxd4 13.Nxd4 Bf6 14.Rd1 Qb8 15.O-O Nc5
16.Qg4 e5 17.Nf5 g6 18.Bc4 Bxe4 19.Nd6 Bc2 20.Rd5 Bb3 21.Bxb3 Nxb3 22.f4 h5
23.Qd1 Nc5 24.fxe5 Bg7 25.Rd2 Qc7 26.b4 Ne6 27.Qb3 Bh6 28.Re2 Qe7 29.Bb2 Nf4
30.Ref2 Qe6 31.Qg3 Nd5 32.Rxf7 Rxf7 33.Rxf7 Rd8 34.Rf1 Ne3 35.Rf6 Qb3 36.Qxg6+ Bg7
37.Qf7+ Qxf7 38.Rxf7 Bxe5 39.Bxe5 Rxd6 40.Rg7+ Kf8  1-0

[Event "Jarvenpaa"]
[Site "Jarvenpaa"]
[Date "1982.??.??"]
[Round "4"]
[White "Burger, Karl"]
[Black "Farago, Ivan"]
[Result "0-1"]
[WhiteElo "2385"]
[BlackElo "2490"]

1.d4 Nf6 2.Nf3 e6 3.c4 b6 4.a3 Ba6 5.e3 d5 6.Nbd2 c5 7.Qa4+ Nfd7 8.cxd5 Bxf1
9.Nxf1 exd5 10.Ng3 Be7 11.O-O O-O 12.Bd2 a6 13.dxc5 bxc5 14.Bc3 Nb6 15.Qf4 N8d7
16.Nh5 f6 17.Ng3 g6 18.Rab1 Qb8 19.Qh6 Ne5 20.Nxe5 fxe5 21.b4 c4 22.Qh3 Qd6
23.Rbd1 Na4 24.Ne4 Qc6 25.Bxe5 dxe4 26.Rd7 Rf7 27.Rfd1 c3 28.Rc7 c2 29.Rc1 Qd5
30.Bd4 Bf6 31.R7xc2 Bxd4 32.Rd2 Qb3 33.Rxd4 Raf8  0-1

[Event "Las Palmas Interzonal"]
[Site "Las Palmas"]
[Date "1982.??.??"]
[Round "1"]
[White "Browne, Walter S"]
[Black "Timman, Jan H"]
[Result "0-1"]
[WhiteElo "2590"]
[BlackElo "2600"]

1.d4 Nf6 2.c4 e6 3.Nf3 b6 4.a3 c5 5.d5 Ba6 6.Qc2 exd5 7.cxd5 g6 8.Bf4 d6
9.Nc3 Bg7 10.Qa4+ Qd7 11.Bxd6 Qxa4 12.Nxa4 Nxd5 13.O-O-O Ne7 14.e4 Bxf1 15.Rhxf1 Nbc6
16.Nc3 Bxc3 17.bxc3 Rd8 18.Bc7 Rd7 19.Bf4 f6 20.Rxd7 Kxd7 21.Rd1+ Kc8 22.Rd6 Rf8
23.h4 Na5 24.Nd2 f5 25.Bg5 Nec6 26.f4 fxe4 27.Nxe4 Re8 28.Nf6 Re3 29.Nd5 Rg3
30.h5 gxh5 31.Rh6 Rxg2 32.Rxh7 Nb3+ 33.Kb1 Nca5 34.Rxa7 Kb8 35.Ra6 Nc4 36.Rxb6+ Nxb6
37.Nxb6 Kc7 38.Nd5+ Kc6 39.Nf6 Rh2 40.f5 h4 41.Ng4 Rg2 42.Ne5+ Kd5 43.Bf4 h3
44.c4+ Kd4 45.f6  0-1

[Event "Luzern ol (Men)"]
[Site "Luzern"]
[Date "1982.??.??"]
[Round "2"]
[White "Segal, Alexandru Sorin"]
[Black "Sanna, Gianlazzaro"]
[Result "0-1"]
[WhiteElo "2385"]
[BlackElo "2295"]

1.d4 Nf6 2.c4 e6 3.Nf3 b6 4.a3 Bb7 5.Nc3 d5 6.cxd5 Nxd5 7.e3 Be7 8.Bb5+ c6
9.Bd3 Nxc3 10.bxc3 c5 11.O-O Nc6 12.e4 O-O 13.d5 exd5 14.exd5 Na5 15.c4 b5
16.cxb5 Qxd5 17.Qc2 Nb3 18.Bxh7+ Kh8 19.Be4 Nxa1 20.Bxd5 Nxc2 21.Bxb7 Rad8
22.a4 Bf6 23.a5 Nd4 24.Ba3 Ne6 25.Be4 Bc3 26.a6 Rb8 27.Bb7 Bb4 28.Bxb4 cxb4
29.Rb1 Nc5 30.Rxb4 Nxb7 31.axb7 Rxb7 32.g3 Rd8 33.Ra4 Rd5 34.Nd4 Rbd7 35.Nc6 Rxb5
36.Nxa7 Rb1+ 37.Kg2 Rc7 38.Ra5 Rb2 39.h4 Rcc2 40.Rf5 Kg8 41.g4 g6 42.Rf6 Kg7
43.g5 Rc7 44.Ra6 Rc4 45.Kg3 Rbb4 46.f3 Rxh4 47.Nc6 Ra4 48.Rb6 Rh1 49.Rb5 Rg1+
50.Kf2 Rc1 51.Ne5 Ra2+ 52.Ke3 Re1+ 53.Kd3 Ra3+ 54.Kd4 Ra4+ 55.Kd3 Rf4 56.Kd2 Rg1
57.Ke3 Rf5 58.f4 Re1+ 59.Kf2 Re4  0-1

[Event "Luzern ol (Men)"]
[Site "Luzern"]
[Date "1982.??.??"]
[Round "4"]
[White "Browne, Walter S"]
[Black "Huebner, Robert"]
[Result "0-1"]
[WhiteElo "2590"]
[BlackElo "2630"]

1.d4 Nf6 2.c4 e6 3.Nf3 b6 4.a3 d5 5.cxd5 exd5 6.Nc3 Be7 7.Bf4 O-O 8.e3 c5
9.Be2 Bb7 10.O-O Nbd7 11.Ne5 cxd4 12.exd4 Ne4 13.Rc1 Nxe5 14.dxe5 Rc8 15.Nxe4 dxe4
16.Qa4 a5 17.Bb5 Rc5 18.Rxc5 Bxc5 19.b4 axb4 20.axb4 Be7 21.Rd1 Qc8 22.Rd7 Bd8
23.h3 h6 24.Kh2 Bc7 25.Qb3 Bb8 26.Qg3 Kh8 27.e6 Bxf4 28.Qxf4 fxe6 29.Qg3 Rg8
30.Rd6 Bd5 31.Bd7 Qc4 32.Rxb6 Kh7 33.b5 Rf8 34.Bc6 Rf7 35.Bxd5 Qxd5 36.Rb8 Rf6  0-1

[Event "Luzern ol (Men)"]
[Site "Luzern"]
[Date "1982.??.??"]
[Round "4"]
[White "Nogueiras, Jesus"]
[Black "Liang Jinrong"]
[Result "1-0"]
[WhiteElo "2495"]
[BlackElo "2385"]

1.d4 Nf6 2.c4 e6 3.Nf3 b6 4.a3 Bb7 5.Nc3 d5 6.cxd5 Nxd5 7.e3 Be7 8.Bb5+ c6
9.Bd3 Nxc3 10.bxc3 c5 11.O-O Nc6 12.e4 cxd4 13.cxd4 O-O 14.Bb1 Na5 15.Bd2 Rc8
16.Re1 Nc4 17.Bb4 Rc7 18.Qd3 Re8 19.Ba2 Ba6 20.d5 Bxb4 21.axb4 Bb5 22.Nd4 a6
23.Qg3 exd5 24.Nf5 g6 25.exd5 Rxe1+ 26.Rxe1 Rd7 27.Bxc4 Bxc4 28.d6 b5 29.Ne7+ Kg7
30.h4 h5 31.Qe5+ Kh7 32.Rd1 Qa8 33.f4 a5 34.f5 axb4 35.fxg6+ fxg6 36.Nxg6 Qa7+
37.Kh1 Kxg6 38.Qg5+ Kh7 39.Qxh5+ Kg7 40.Qe5+ Kh7 41.Qh5+ Kg7 42.Qe5+ Kh7
43.Rd4 b3 44.Qh5+ Kg8 45.Qe8+ Kh7 46.Qh5+ Kg8 47.Qg6+ Rg7 48.Qe8+ Kh7 49.Qe4+ Kh6
50.d7 Rxd7 51.Qc6+ Kh5 52.g4+ Kxh4 53.Qh6+ Kg3 54.Qh2+ Kf3 55.Qf4+ Ke2 56.Qd2+  1-0

[Event "Luzern ol (Men)"]
[Site "Luzern"]
[Date "1982.??.??"]
[Round "6"]
[White "Timman, Jan H"]
[Black "Karpov, Anatoly"]
[Result "1/2-1/2"]
[WhiteElo "2600"]
[BlackElo "2700"]

1.d4 Nf6 2.c4 e6 3.Nf3 b6 4.a3 Bb7 5.Nc3 d5 6.cxd5 exd5 7.g3 Be7 8.Qa4+ c6
9.Bg2 O-O 10.O-O Nbd7 11.Bf4 Nh5 12.Bd2 Re8 13.Rad1 Bd6 14.Nh4 Ndf6 15.Nf5 Bc7
16.b4 g6 17.Ne3 a6 18.Qb3 b5 19.Nc2 Bc8 20.Ne1 Bf5 21.Bg5 Qd7 22.Nd3 Bh3
23.Bxf6 Nxf6 24.Nc5 Qf5 25.Qb1 a5 26.Qxf5 Bxf5 27.Rfe1 axb4 28.axb4 Ra3 29.Nb1 Ra7
30.Nd2 Bd6 31.Ndb3 Ra2 32.Na5 Rexe2 33.Rxe2 Rxe2 34.Nxc6 Ne4 35.Nxe4 dxe4
36.Bf1 Rb2 37.d5 Bg4 38.Re1 Bf3 39.Bxb5 Bxb4 40.Nxb4 Rxb4 41.Be2 Bxe2 42.Rxe2 Rd4
43.Kg2 Kg7 44.f3 f5 45.fxe4 fxe4 46.Ra2 Kf6 47.Kf2 Rxd5 48.Ra7 Rh5 49.Ke3 Kf5
50.Ra5+ Kg4 51.Rxh5  1/2-1/2

[Event "Luzern ol (Men)"]
[Site "Luzern"]
[Date "1982.??.??"]
[Round "6"]
[White "Hort, Vlastimil"]
[Black "Huebner, Robert"]
[Result "1/2-1/2"]
[WhiteElo "2600"]
[BlackElo "2630"]

1.d4 Nf6 2.c4 e6 3.Nf3 b6 4.a3 d5 5.Nc3 Bb7 6.cxd5 exd5 7.Bf4 Bd6 8.Bxd6 Qxd6
9.Rc1 a6 10.g3 O-O 11.Bg2 Nbd7 12.O-O  1/2-1/2

[Event "Luzern ol (Men)"]
[Site "Luzern"]
[Date "1982.??.??"]
[Round "7"]
[White "Jones, Iolo C"]
[Black "Sisniega, Marcel"]
[Result "1/2-1/2"]
[WhiteElo "2245"]
[BlackElo "2420"]

1.Nf3 Nf6 2.c4 e6 3.d4 b6 4.a3 Bb7 5.Nc3 Ne4 6.Nxe4 Bxe4 7.e3 Be7 8.Bd3 Bxd3
9.Qxd3 O-O 10.O-O d5 11.e4 dxe4 12.Qxe4 Nd7 13.Rd1 Nf6 14.Qe2 c6 15.Ne5 Rc8
16.Bf4 Nd7 17.Qg4 b5 18.Qf3 Nxe5 19.dxe5 Qb6 20.Rd7 Rc7 21.Rxc7 Qxc7 22.cxb5 cxb5
23.Rc1 Qd7 24.Rd1 Qc7 25.Rc1 Qb8 26.h3 Rd8 27.Rd1 Rxd1+ 28.Qxd1 Qb7 29.Qd2 h6
30.Be3 a6 31.Qc3 Qe4 32.Qc8+ Kh7 33.Qc7 Bh4 34.Qxf7 Bg3 35.fxg3 Qxe3+ 36.Qf2 Qxe5
37.Qc2+ Kg8 38.Qc8+ Kf7 39.Qxa6 Qxb2 40.Qb7+ Kf6 41.Kh2 Qb3 42.Qb8 Qc4 43.Qf8+ Kg6
44.h4 Qd5 45.a4 bxa4 46.Qe8+ Kf5 47.Qxa4 h5 48.Qf4+ Kg6 49.g4  1/2-1/2

[Event "Luzern ol (Men)"]
[Site "Luzern"]
[Date "1982.??.??"]
[Round "8"]
[White "Ftacnik, Lubomir"]
[Black "Tarjan, James Edward"]
[Result "1/2-1/2"]
[WhiteElo "2535"]
[BlackElo "2520"]

1.d4 Nf6 2.c4 e6 3.Nf3 b6 4.a3 d5 5.Nc3 Bb7 6.cxd5 exd5 7.g3 Be7 8.Qa4+ c6
9.Bg2 O-O 10.O-O Nbd7 11.Rd1 Re8 12.Bf4 Nh5 13.Bd2 Bd6 14.b4 a6 15.Nh4 Ndf6
16.Nf5 Bc7 17.Qc2 Qd7 18.Rac1 g6 19.Nh4 Rac8 20.Nf3 Ng7 21.Ne5 Qe6 22.Nd3 Qe7
23.Bh3 Ne6 24.e3 Rcd8 25.f4 Bc8 26.Bg2 Bb7 27.Qb3 b5 28.Ne5 Nd7 29.Nxd7 Rxd7
30.Be1 Rdd8 31.Bf2 f5 32.Ne2 Bd6 33.Rc3 Kg7 34.Nc1 Nf8 35.Nd3 Nd7 36.Ne5 Rc8
37.Rdc1 Nxe5 38.fxe5 Bb8 39.Qb1 Qe6 40.g4 fxg4 41.Bh4 Rf8 42.Rf1 Rxf1+ 43.Qxf1 Rf8
44.Bf6+ Kg8 45.Rc2 Bc7 46.Qf4 Bd8 47.Rf2 Bc8 48.Bf1 h6 49.Bd3 g5 50.Qg3 Bxf6
51.Bf5 Qxf5 52.Rxf5 Bxf5 53.exf6 Rxf6 54.Qe5 Kf7 55.Qc7+ Kg6 56.Qd8 Kf7 57.Qc7+ Kg8  1/2-1/2

[Event "Luzern ol (Men)"]
[Site "Luzern"]
[Date "1982.??.??"]
[Round "8"]
[White "Li Zunian"]
[Black "Zadrima, Aldo"]
[Result "1/2-1/2"]
[WhiteElo "2410"]
[BlackElo "2210"]

1.d4 Nf6 2.c4 e6 3.Nf3 b6 4.a3 Bb7 5.Nc3 d5 6.cxd5 Nxd5 7.Qc2 Nxc3 8.bxc3 c5
9.e4 Nd7 10.Bd3 Be7 11.O-O cxd4 12.cxd4 Rc8 13.Qe2 O-O 14.Bb2 Qc7 15.Rfe1 Rfd8
16.h4 Qf4 17.Rad1 Qg4 18.g3 Qh5 19.Qe3 h6 20.Qf4 Qa5 21.d5 exd5 22.Qg4 Bf8
23.e5 Nc5 24.e6 fxe6 25.Rxe6 Qa4 26.Nd4 Nxd3 27.Rxd3 Qd7 28.Rde3 Rc4 29.h5 Re8
30.Qg6 Rxe6 31.Rxe6 Qf7 32.Kg2 Bc8 33.Re8 Bd7 34.Rd8 Qe7 35.Ra8 Rc8 36.Rxa7 Be8
37.Rxe7 Bxg6 38.Rb7 Bxh5 39.Rxb6 Ra8 40.Nb5 Be8 41.Nc7 Rc8  1/2-1/2

[Event "Luzern ol (Men)"]
[Site "Luzern"]
[Date "1982.??.??"]
[Round "8"]
[White "Agdestein, Simen"]
[Black "Cifuentes Parada, Roberto"]
[Result "1-0"]
[WhiteElo "2280"]
[BlackElo "2415"]

1.d4 Nf6 2.c4 e6 3.Nf3 b6 4.a3 Bb7 5.Nc3 Ne4 6.Nxe4 Bxe4 7.e3 Be7 8.Bd3 Bxd3
9.Qxd3 d5 10.cxd5 exd5 11.O-O O-O 12.Bd2 Nd7 13.Rac1 c5 14.dxc5 Nxc5 15.Qe2 Rc8
16.Bc3 Qd7 17.h3 Qa4 18.Rfd1 Qc4 19.Qf1 Ne4 20.Bd4 Qb3 21.Nd2 Qa4 22.Qd3 Nc5
23.Qf5 Qd7 24.Qxd7 Nxd7 25.Kf1 Nc5 26.Ke2 f6 27.Nb1 Rfd8 28.Rc2 Kf7 29.Rdc1 Rb8
30.Nd2 a5 31.Rd1 a4 32.Bc3 b5 33.Bb4 Ne6 34.Bxe7 Kxe7 35.Nf3 Kd6 36.Rcd2 Nc7
37.Nd4 b4 38.Nf5+ Ke5 39.Nxg7 bxa3 40.f4+ Kd6 41.Nf5+ Kd7 42.bxa3 Rb3 43.Rd3 Rdb8
44.Nd4 Rxd3 45.Rxd3 Kd6 46.g4 Rb1 47.Kf3 Rf1+ 48.Kg2 Rc1 49.h4 Kc5 50.Ne2 Re1
51.Rc3+ Kb6 52.Nd4 Nb5 53.Nxb5 Kxb5 54.g5 fxg5 55.hxg5 Rb1 56.Rd3 Kc5 57.Rd4 Rb3
58.Rxa4 Rxe3 59.Ra7 Kd6 60.Rxh7 Ke6 61.Rh6+ Ke7 62.Rh7+ Ke6 63.g6 Rxa3 64.Rf7  1-0

[Event "Luzern ol (Men)"]
[Site "Luzern"]
[Date "1982.??.??"]
[Round "10"]
[White "Franco Ocampo, Zenon"]
[Black "Trepp, Markus"]
[Result "1-0"]
[WhiteElo "2485"]
[BlackElo "2220"]

1.d4 Nf6 2.Nf3 e6 3.c4 b6 4.a3 c5 5.d5 Ba6 6.Qc2 exd5 7.cxd5 Bb7 8.e4 Qe7
9.Bd3 Nxd5 10.O-O Nc7 11.Nc3 Ne6 12.Nd5 Qd8 13.Ne5 Nc6 14.f4 d6 15.Ng4 h5
16.Nge3 Be7 17.Bd2 Ncd4 18.Qd1 Nc7 19.Nxe7 Qxe7 20.Bc3 Bxe4 21.Re1 Bxd3 22.Bxd4 Be4
23.Bxg7 Rh7 24.Nf5 Bxf5 25.Bf6 Qxe1+ 26.Qxe1+ Kd7 27.Qe7+ Kc6 28.Rd1 Ne8
29.b4 Rc8 30.a4 a6 31.a5  1-0

[Event "Luzern ol (Men)"]
[Site "Luzern"]
[Date "1982.??.??"]
[Round "12"]
[White "Schmidt, Wlodzimierz"]
[Black "Schussler, Harry"]
[Result "1/2-1/2"]
[WhiteElo "2475"]
[BlackElo "2495"]

1.d4 Nf6 2.c4 e6 3.Nf3 b6 4.a3 Bb7 5.Nc3 d5 6.cxd5 exd5 7.Bf4 Bd6 8.Bg3 O-O
9.e3 c5 10.Be2 Bxg3 11.hxg3 Nbd7 12.O-O Qe7 13.Rc1  1/2-1/2

[Event "Luzern ol (Men)"]
[Site "Luzern"]
[Date "1982.??.??"]
[Round "13"]
[White "Schussler, Harry"]
[Black "Polugaevsky, Lev"]
[Result "1/2-1/2"]
[WhiteElo "2495"]
[BlackElo "2610"]

1.d4 Nf6 2.c4 e6 3.Nf3 b6 4.a3 Bb7 5.Nc3 d5 6.cxd5 exd5 7.g3 Be7 8.Bg2 O-O
9.O-O c5 10.Bf4 Nbd7 11.Ne5 Re8 12.dxc5 Nxc5 13.Nf3 Nfe4 14.Be5 a5 15.Rc1 a4
16.Rc2 Qd7 17.Bd4 Qe6 18.Be3 Bf6 19.Bd4 Nxc3 20.Bxc3 Bxc3 21.bxc3 Ne4 22.Qd4 Qd6
23.Qb4 Rec8 24.Rb1  1/2-1/2

[Event "Luzern ol (Men)"]
[Site "Luzern"]
[Date "1982.??.??"]
[Round "13"]
[White "Timman, Jan H"]
[Black "Arnason, Jon L"]
[Result "1-0"]
[WhiteElo "2600"]
[BlackElo "2455"]

1.Nf3 Nf6 2.c4 b6 3.d4 e6 4.a3 Bb7 5.Nc3 d5 6.cxd5 Nxd5 7.e3 Be7 8.Bb5+ c6
9.Bd3 Nxc3 10.bxc3 c5 11.O-O Nc6 12.Qe2 O-O 13.Bb2 cxd4 14.cxd4 Bf6 15.Rad1 g6
16.e4 Re8 17.Qe3 Bg7 18.h4 Qe7 19.h5 Qf8 20.hxg6 hxg6 21.Ng5 Rad8 22.Qh3 Bh6
23.d5 exd5 24.exd5 Ne5 25.Bb5 Bxg5 26.Bxe8 Bf4 27.Bxe5 Bxe5 28.Bc6 Bc8 29.Qh4 Kg7
30.Rfe1 Bf6 31.Qg3 Qc5 32.Re8 Bf5 33.Rxd8 Bxd8 34.a4 Qc2 35.Re1 Bf6 36.Qf4 Bc3
37.Rf1 Bd3 38.Rc1 Qb2 39.Be8 Bf5 40.Rd1 Qe2 41.Qf3 Qc2 42.d6 Bf6 43.Bb5 Be4
44.Qe2 Qxe2 45.Bxe2 Bc2 46.Rc1 Bxa4 47.Rc7 Bd8 48.Rxa7 Bc6 49.Bc4 Kf6 50.f4 Kf5
51.Rxf7+ Ke4 52.Rf8 b5 53.Be6 Bb6+ 54.Kh2 Bc5 55.Rc8  1-0

[Event "Manila"]
[Site "Manila"]
[Date "1982.??.??"]
[Round "?"]
[White "De Guzman, Ricardo"]
[Black "Polugaevsky, Lev"]
[Result "0-1"]
[WhiteElo "2320"]
[BlackElo "2610"]

1.d4 Nf6 2.c4 e6 3.Nf3 b6 4.a3 Bb7 5.Nc3 d5 6.Bg5 Be7 7.e3 Nbd7 8.Be2 O-O
9.O-O c5 10.Rc1 Rc8 11.Bxf6 Nxf6 12.dxc5 bxc5 13.Qc2 d4 14.Rcd1 e5 15.e4 Bd6
16.Nd5 a5 17.a4 g6 18.Nxf6+ Qxf6 19.Bd3 Bc6 20.Qd2 Rb8 21.Rb1 Rb3 22.Bc2 Rxf3
23.gxf3 Qxf3 24.Qd3 Qh5 25.Qg3 Kh8 26.f3 Bd7 27.Kh1 Be7 28.Qe1 Ra8 29.Qg3 Bh4
30.Qg2 Bg5 31.Rg1 Be3 32.b3 Ra6 33.Rbe1 Bh3 34.Qe2 Rf6 35.Rg3 Rf4 36.Bd1 Rh4
37.b4 Bf4 38.Reg1 cxb4 39.c5 Bd7 40.Bb3 d3 41.Qg2 Bxg3 42.Qxg3 Rh3 43.Qg2 Qxf3
44.Rf1 Qxg2+ 45.Kxg2 d2 46.Rf3 Rxf3 47.Kxf3 Be6 48.Bd1 b3 49.Ke2 b2 50.Bc2 Ba2
51.c6 b1=Q 52.Bxb1 Bxb1 53.c7 Bd3+  0-1

[Event "Mar del Plata"]
[Site "Mar del Plata"]
[Date "1982.??.??"]
[Round "?"]
[White "Franco Ocampo, Zenon"]
[Black "Giardelli, Sergio C"]
[Result "1-0"]
[WhiteElo "2505"]
[BlackElo "2460"]

1.d4 Nf6 2.c4 e6 3.Nf3 b6 4.a3 c5 5.d5 exd5 6.cxd5 g6 7.Nc3 d6 8.Bg5 Bg7
9.e4 O-O 10.Nd2 h6 11.Bh4 a6 12.a4 Qe7 13.Be2 Nbd7 14.O-O g5 15.Bg3 Ne8 16.Nc4 Rb8
17.Bg4 Bd4 18.Kh1 Ne5 19.Bxc8 Rxc8 20.Nxb6 Rb8 21.a5 Nd7 22.Nc4 Ne5 23.Bxe5 Bxe5
24.Nb6 Nc7 25.Qd3 Rfe8 26.Rae1 Bd4 27.f4 gxf4 28.Rxf4 Be5 29.Rg4+ Kh7 30.Rf1 Rg8
31.Qf3 Rxg4 32.Qxg4 Rg8 33.Qf5+ Kh8 34.Nc4 Bg7 35.Qf4 Rd8 36.Ne3 Kg8 37.Nf5 Qg5
38.Qf3 Ne8 39.e5 Kh8 40.Ne4 Qg6 41.Ne7  1-0

[Event "Marbella zt-A"]
[Site "Marbella"]
[Date "1982.??.??"]
[Round "2"]
[White "Ligterink, Gert"]
[Black "Langeweg, Kick"]
[Result "1-0"]
[WhiteElo "2455"]
[BlackElo "2410"]

1.d4 Nf6 2.c4 e6 3.Nf3 b6 4.a3 Bb7 5.Nc3 d5 6.cxd5 exd5 7.g3 Be7 8.Qa4+ c6
9.Bg2 O-O 10.O-O Nbd7 11.Rd1 Bd6 12.Nh4 Re8 13.Nf5 Bf8 14.Bf4 Nh5 15.Bd2 Nhf6
16.Rac1 a6 17.Qc2 Rc8 18.Bf4 Re6 19.Bf3 Qe8 20.Re1 a5 21.Qb1 b5 22.e4 b4
23.exd5 cxd5 24.Nb5 Rxc1 25.Rxc1 Rc6 26.Nbd6 Qa8 27.Rxc6 Bxc6 28.axb4 axb4
29.Qe1 Ne4 30.Qxb4 Ndf6 31.Qb3 Qa1+ 32.Kg2 Qe1 33.Qc2 Bd7 34.Qe2 Qb4 35.Nxe4 dxe4
36.Bxe4 g6 37.Nh6+ Bxh6 38.Bxh6 Bb5 39.Qc2 Qxd4 40.Bf3 Bc4  1-0

[Event "Marbella zt-B"]
[Site "Marbella"]
[Date "1982.??.??"]
[Round "8"]
[White "Rivas Pastor, Manuel"]
[Black "Van der Sterren, Paul"]
[Result "0-1"]
[WhiteElo "2470"]
[BlackElo "2470"]

1.d4 Nf6 2.c4 e6 3.Nf3 b6 4.a3 c5 5.e3 g6 6.Nc3 Bg7 7.e4 cxd4 8.Nxd4 O-O
9.e5 Ne8 10.Qf3 Nc7 11.Qg3 Bb7 12.Be3 f6 13.f4 Nc6 14.Nxc6 Bxc6 15.Bd3 Ne8
16.O-O Qc7 17.Bd4 f5 18.Qe3 Rf7 19.Rfe1 Bf8 20.b4 h6 21.Rac1 Qd8 22.c5 g5
23.fxg5 bxc5 24.Bxc5 Bxc5 25.Qxc5 hxg5 26.Nb5 a6 27.Nd4 Bb7 28.Qa5 Ng7 29.Rc7 d6
30.Rxf7 Kxf7 31.Rc1 Ne8 32.exd6 Qxd6 33.Nxf5 Qxd3 34.Rc7+ Kf6 35.Ng3 Qd4+
36.Kf1 Qf4+ 37.Ke1 Qxc7  0-1

[Event "Minsk"]
[Site "Minsk"]
[Date "1982.??.??"]
[Round "?"]
[White "Psakhis, Lev"]
[Black "Dydyshko, Viacheslav"]
[Result "1/2-1/2"]
[WhiteElo "2545"]
[BlackElo "2450"]

1.d4 Nf6 2.c4 e6 3.Nf3 b6 4.a3 Bb7 5.Nc3 d5 6.cxd5 Nxd5 7.e3 Be7 8.Bb5+ c6
9.Bd3 c5 10.e4 Nxc3 11.bxc3 Nc6 12.O-O Rc8 13.Be3 cxd4 14.cxd4 O-O 15.Qe2 Qd6
16.Rfd1 Rfd8 17.d5 Ne5 18.Nxe5 Qxe5 19.f4 Qc3 20.Rac1 Qb3 21.Rb1 Qa4 22.Bd2 Qd7
23.Kh1 Bc5 24.Rf1 exd5 25.e5 Re8 26.Rbe1 Bd4 27.Qh5 g6 28.Qg5 Qe7 29.Qh6 f5
30.exf6 Qxf6 31.Rxe8+ Rxe8 32.f5 gxf5 33.Qh3 Bc8 34.Bxf5 Bxf5 35.Rxf5 Qg6
36.Qf3 Bg7 37.h4 Re4 38.g3 Qg4 39.Qxg4 Rxg4 40.Bf4 Bf8 41.Rxd5 Bxa3 42.Rd8+ Kf7
43.Rd7+ Be7 44.Rxa7 h5 45.Rb7 Rg6 46.Bg5 Re6 47.Kg2 Kf8 48.Bf4 Kf7 49.Kf3  1/2-1/2

[Event "Moscow"]
[Site "Moscow"]
[Date "1982.??.??"]
[Round "?"]
[White "Razuvaev, Yuri S"]
[Black "Szekely, Peter"]
[Result "1-0"]
[WhiteElo "2485"]
[BlackElo "2430"]

1.d4 Nf6 2.c4 e6 3.Nf3 b6 4.a3 c5 5.d5 Ba6 6.Qc2 exd5 7.cxd5 g6 8.Nc3 d6
9.g3 Bg7 10.Bg2 O-O 11.O-O b5 12.Re1 Nbd7 13.h3 Qb6 14.e4 Rac8 15.Bf4 Nh5
16.Be3 Rfe8 17.g4 Nhf6 18.Nd2 h5 19.g5 Nh7 20.f4 Re7 21.e5 dxe5 22.f5 gxf5
23.Qxf5 e4 24.Ndxe4 Qg6 25.Qxg6 fxg6 26.d6 Re5 27.Rad1 b4 28.Nd5 Rxd5 29.Rxd5 Bxb2
30.Nxc5 Rxc5 31.Rxc5 bxa3 32.Bd5+ Kg7 33.Rc7 Bb5 34.Rf1  1-0

[Event "POL-ch"]
[Site "POL"]
[Date "1982.??.??"]
[Round "?"]
[White "Szymczak, Zbigniew"]
[Black "Panczyk, Krzysztof"]
[Result "0-1"]
[WhiteElo "2395"]
[BlackElo "2390"]

1.d4 Nf6 2.c4 e6 3.Nf3 b6 4.a3 c5 5.d5 Ba6 6.Qc2 exd5 7.cxd5 g6 8.Nc3 d6
9.g3 Bg7 10.Bg2 O-O 11.O-O Re8 12.Re1 Nbd7 13.Qa4 Bb7 14.Bf4 Qe7 15.Nb5 Nxd5
16.Bxd6 Qf6 17.Rad1 Bc6 18.Nh4 a6 19.Bxd5 axb5 20.Qg4 h5 21.Qh3 Bxd5 22.Rxd5 Qe6
23.Qxe6 Rxe6 24.Bf4 Nf6 25.Re5 Rc6 26.Bc1 Rd8 27.Re3 c4 28.Ng2 Rcd6 29.Rf3 Rd1
30.Bg5 Rxe1+ 31.Nxe1 Rd1 32.Bxf6 Rxe1+ 33.Kg2 Rb1 34.e4 Rxb2 35.Bxg7 Kxg7
36.e5 Rb3 37.Rf6 Rxa3 38.Rxb6 Rb3 39.Rb7 Kf8 40.f4 c3 41.Rc7 b4 42.h3 Rb2+
43.Kf3 c2  0-1

[Event "POL-ch"]
[Site "POL"]
[Date "1982.??.??"]
[Round "?"]
[White "Szymczak, Zbigniew"]
[Black "Pokojowczyk, Jerzy"]
[Result "1/2-1/2"]
[WhiteElo "2395"]
[BlackElo "2450"]

1.d4 Nf6 2.c4 e6 3.Nf3 b6 4.a3 c5 5.d5 Ba6 6.Qc2 exd5 7.cxd5 g6 8.Nc3 Bg7
9.g3 O-O 10.Bg2 d6 11.O-O b5 12.Ng5 Nbd7 13.Rd1 Qb6 14.e4 h6 15.Nf3 Ng4 16.h3 Nge5
17.Nxe5 Nxe5 18.b3 Rae8  1/2-1/2

[Event "Randers zt-B"]
[Site "Randers"]
[Date "1982.??.??"]
[Round "5"]
[White "Huss, Andreas"]
[Black "Helmers, Knut J"]
[Result "1/2-1/2"]
[WhiteElo "2310"]
[BlackElo "2430"]

1.d4 Nf6 2.Nf3 e6 3.c4 b6 4.a3 Bb7 5.Nc3 d5 6.Bg5 Be7 7.e3 O-O 8.Bxf6 Bxf6
9.cxd5 exd5 10.Be2 Re8 11.O-O c6 12.Qb3 Na6 13.Rfe1 Nc7 14.Rad1 Ne6 15.Bf1 g6
16.Rd2 Bg7 17.g3 Qd7 18.Rc1 Red8 19.Qd1 Rac8 20.b4 c5 21.Bh3 cxb4 22.axb4 Rc4
23.Qb3 Nxd4 24.Rxd4 Qxh3 25.Qxc4 dxc4 26.Rxd8+ Bf8 27.e4 Kg7 28.Rb8 Qg4 29.Ne5 Qg5
30.f4 Qe7 31.Rd1 Qc7 32.Rdd8 Bxb4 33.Ng4 Qxd8 34.Rxd8 Bxc3 35.e5 Bb4 36.Nf6 h5
37.Rg8+ Kh6 38.Rh8+ Kg7 39.Rh7+ Kf8 40.Rh8+ Kg7 41.Rh7+ Kf8 42.Rh8+  1/2-1/2